|
|
|
|
| LEADER |
00924nam a22002052a 4500 |
| 001 |
000772006 |
| 003 |
CZ BrMZK |
| 005 |
20111215065321.0 |
| 007 |
ta |
| 008 |
050426s1911 xr er|||||||||||cze d |
| 040 |
|
|
|a ABA001
|b cze
|c CBA001
|d ABA001
|
| 100 |
1 |
|
|a Obrátil, Karel Jaroslav,
|d 1866-1945
|7 jk01090908
|4 aut
|4 ill
|
| 245 |
1 |
0 |
|a Moderní kreslení :
|b pokus method. rozvrhu látky pro školy měšť. a ústavy jim příbuzné.
|n Část 2, 20 listů pro učitele, 3 příkl. sestav ornamentálních pro žáky a výklad /
|c navrhl a nakresl. Karel Jaroslav Obrátil
|
| 260 |
|
|
|a Uherské Hradiště :
|b K.J. Obrátil,
|c 1911
|
| 300 |
|
|
|a 21 s., 23 tab. ;
|c 4°
|
| 500 |
|
|
|a 22 listů pro učitele, 8 příkl. kombinací ornamentálních pro žáky a výklad
|
| 910 |
|
|
|a BOA001
|b PK-II-0002.936,2
|
| 990 |
|
|
|a BK
|
| 993 |
|
|
|a Y
|
| 996 |
6 |
|
|b BC-196647
|c PK-II-0002.936,2
|l MZK
|r Sklad / do 1 hodiny
|n 0
|w 000772006
|u 000010
|a 1
|e BOA001
|j MZK50
|s P
|